Elements of systems analysis / (Record no. 5764)

MARC details
000 -LEADER
fixed length control field 00753cam a22002412 4500
001 - CONTROL NUMBER
control field 0000002286
005 - DATE AND TIME OF LATEST TRANSACTION
control field 20151217151847.0
008 - FIXED-LENGTH DATA ELEMENTS--GENERAL INFORMATION
fixed length control field 070405s xx 000 0 eng d
020 ## - INTERNATIONAL STANDARD BOOK NUMBER
International Standard Book Number 0697007383 :
Terms of availability KES 2,184
040 ## - CATALOGING SOURCE
Original cataloging agency KABU
Transcribing agency KABU
050 #0 - LIBRARY OF CONGRESS CALL NUMBER
Classification number HF5548.2
Item number .G598 1988
100 1# - MAIN ENTRY--PERSONAL NAME
Personal name Gore, Marvin.
-- 0000151612
245 10 - TITLE STATEMENT
Title Elements of systems analysis /
Statement of responsibility, etc. Marvin Gore, John W. Stubbe.
250 ## - EDITION STATEMENT
Edition statement 4th ed.
260 ## - PUBLICATION, DISTRIBUTION, ETC. (IMPRINT)
Place of publication, distribution, etc. Dubuque, lowa :
Name of publisher, distributor, etc. Wm. C. Brown,
Date of publication, distribution, etc. 1988.
300 ## - PHYSICAL DESCRIPTION
Extent xxiii, 616 p.
650 #0 - SUBJECT ADDED ENTRY--TOPICAL TERM
Topical term or geographic name as entry element System analysis.
-- 0000148439
700 1# - ADDED ENTRY--PERSONAL NAME
Personal name Stubbe, John W.
-- 0000151613
908 ## - PUT COMMAND PARAMETER (RLIN)
Put command parameter 070405
950 ## - LOCAL HOLDINGS (RLIN)
-- 1
Holdings
Withdrawn status Lost status Source of classification or shelving scheme Not for loan Home library Current library Date acquired Total Checkouts Full call number Barcode Date last seen Price effective from Koha item type
    Library of Congress Classification   Kabarak, Main Campus Kabarak, Main Campus 17/12/2015   HF5548.2 .G598 1988 003616 02/08/2024 17/12/2015 General Collection
    Library of Congress Classification   Kabarak, Main Campus Kabarak, Main Campus 17/12/2015   HF5548.2 .G598 1988 003617 02/08/2024 17/12/2015 General Collection
Designed with assistance from East African Informatics Ltd